000 00669nam a2200277Ia 4500
005 20260324134949.0
008 008 260324s9999 xx 000 0 eng d
020 _a9781003123118
037 _aEBOOK
040 _aCRL
040 _beng
040 _cCRL
041 _2eng
041 _aeng
084 _qCRL
100 _aRichard Hedley; William Hedley
_91198816
245 0 _aBills of Exchange and Bankers' Documentary Credits
260 _bTaylor and Francis
260 _c2001
365 _a
365 _b690
856 _uhttp://www.taylorfrancis.com/books/9781003123118
942 _cEBOOK
999 _c1799430
_d1799430